American Headway 4: The world's most trusted English course. Workbook
Guardat en:
| Autors principals: | , |
|---|---|
| Format: | Llibre |
| Idioma: | anglès |
| Publicat: |
Nueva York
Oxford University Press
2010
|
| Edició: | 2a. ed |
| Matèries: | |
| Etiquetes: |
Afegir etiqueta
Sense etiquetes, Sigues el primer a etiquetar aquest registre!
|
MARC
| LEADER | 00000nam a2200000 a 4500 | ||
|---|---|---|---|
| 001 | UCG6005 | ||
| 003 | CL-VaPUC | ||
| 008 | 110331e20100000US |||||||||||||||||eng|d | ||
| 020 | |a 9870194227877 | ||
| 082 | 0 | 4 | |a 428 |b SOA |2 21 |
| 100 | 0 | |a Soars, Liz |e author |9 555997 | |
| 700 | 0 | |a Soars, Liz |e author |9 555997 | |
| 700 | 0 | |a Wheeldon, Sylvia |e author |9 555998 | |
| 245 | 1 | 0 | |a American Headway 4: The world's most trusted English course. Workbook |
| 250 | |a 2a. ed | ||
| 300 | |a 117 p | ||
| 942 | |c BK | ||
| 945 | |d 20110331 00:00:00 |a dcastane | ||
| 260 | |a Nueva York |b Oxford University Press |c 2010 | ||
| 650 | 0 | |a Educación lingüística |9 306506 | |
| 650 | 0 | |a Enseñanza del inglés |9 367340 | |
| 650 | 0 | |a Lengua inglesa |9 318842 | |
| 650 | 0 | |a Métodos de enseñanza |9 270413 | |
| 583 | |a last modification |c 20110331 00:00:00 |k Rodrigo Vera | ||
| 999 | |c 344327 |d 344325 | ||
| 952 | |0 0 |1 0 |4 0 |6 428_000000000000000_SOA_2010 |7 0 |8 A |9 442249 |a BIBEDU |b BIBEDU |d 2019-11-22 |i 4760778 |o 428 SOA 2010 |p 4760778 |r 2019-11-22 |w 2019-11-22 |y BK |k LIT | ||